| 000 | 00525nam a22001817a 4500 | ||
|---|---|---|---|
| 005 | 20240920152309.0 | ||
| 008 | 240919b |||||||| |||| 00| 0 eng d | ||
| 020 | _a978-98-90460-04-5 | ||
| 041 | _aeng | ||
| 082 | _a615.190 | ||
| 100 |
_aRAVICHANDRAN, DR.S & GOWEKAR, DR. NARENDRA MULCHAND _98551 |
||
| 245 | _aADVANCED INSTRUMENTATION TECHNIQUES [ B.PHARMA. 8TH SEMESTER ] | ||
| 250 | _a1ST ED. 2021 | ||
| 260 |
_aLUCKNOW _bTHAKUR PUBLICATION PVT.LTD |
||
| 300 | _a200;P | ||
| 650 |
_aPHARMACY _xB.PHARMA |
||
| 942 | _cBK | ||
| 999 |
_c8680 _d8678 |
||